Administración del producto
Gespeichert in:
| Hauptverfasser: | , |
|---|---|
| Format: | Buch |
| Sprache: | Spanisch |
| Veröffentlicht: |
Cuernavaca
McGraw-Hill
2007
|
| Ausgabe: | 4a. ed |
| Schlagworte: | |
| Tags: |
Tag hinzufügen
Keine Tags, Fügen Sie den ersten Tag hinzu!
|
MARC
| LEADER | 00000cam a2200000 a 4500 | ||
|---|---|---|---|
| 001 | UCD8867 | ||
| 003 | CL-VaPUC | ||
| 008 | 170527e20070000mx |||||||||||||||||spa|d | ||
| 020 | |a 9789701062487 | ||
| 082 | 0 | 4 | |a 658.5 |b LEH |2 21 |
| 100 | 0 | |a Lehmann, Donald R |e author |9 592430 | |
| 700 | 0 | |a Winer, Russell S |e author |9 592431 | |
| 245 | 1 | 0 | |a Administración del producto |
| 250 | |a 4a. ed | ||
| 300 | |a 502 p | ||
| 942 | |c BK | ||
| 945 | |d 20170527 00:32:00 |a dcastane | ||
| 260 | |a Cuernavaca |b McGraw-Hill |c 2007 | ||
| 650 | 7 | |a PRODUCTOS |2 CL-VaPUC |9 338640 | |
| 650 | 7 | |a GESTION DE PRODUCCION |2 CL-VaPUC |9 406319 | |
| 650 | 0 | |a Gestión de producto |9 462298 | |
| 583 | |a last modification |c 20170527 00:32:00 |k Rodrigo Vera | ||
| 999 | |c 368175 |d 368173 | ||